Lo intercultural: el problema de y con su definición /
Gespeichert in:
| 1. Verfasser: | |
|---|---|
| Format: | Text |
| Schlagworte: | |
| Tags: |
Tag hinzufügen
Keine Tags, Fügen Sie den ersten Tag hinzu!
|
MARC
| LEADER | 00000 a a2200000 04500 | ||
|---|---|---|---|
| 001 | 11773 | ||
| 003 | |||
| 040 | |||
| 100 | |a Fornet - Betancourt, Raúl | ||
| 245 | |a Lo intercultural: |b el problema de y con su definición / |c Raúl Fornet - Betancourt | ||
| 650 | |a ANALISIS TRANSCULTURAL | ||
| 773 | |g número 103; páginas 1-3 | ||
| 999 | |c 37461 |d 37461 | ||
| 773 | 0 | |0 41641 |9 2476 |a Departamento Ecuménico de Investigaciones (DEI) |d San José, Costa Rica Departamento Ecuménico de Investigaciones (DEI) |o 20181 |t Pasos / | |
